Vývoj množstva komunálneho odpadu a nakladanie s odpadom v Slovenskej republike
Vývoj množstva komunálneho odpadu v Slovenskej republike (2008-2016). Vývoj množstva celkového odpadu vyprodukovaného v SR za roky 2004-2016. Predikcia vývoja množstva komunálneho odpadu do roku 2021 v SR. Nakladanie s komunálnym odpadom.
Guardado en:
| Autor principal: | |
|---|---|
| Otros Autores: | |
| Formato: | Capítulo de libro |
| Lenguaje: | eslovaco |
| Materias: | |
| Etiquetas: |
Sin Etiquetas, Sea el primero en etiquetar este registro!
|
MARC
| LEADER | 00000naa a2200000 4500 | ||
|---|---|---|---|
| 001 | 0249754 | ||
| 005 | 20240502074010.3 | ||
| 041 | 0 | |a slo | |
| 044 | |a SK | ||
| 245 | 1 | 0 | |a Vývoj množstva komunálneho odpadu a nakladanie s odpadom v Slovenskej republike |c Michal Stričík, Veronika Tkáčová |
| 520 | |a Vývoj množstva komunálneho odpadu v Slovenskej republike (2008-2016). Vývoj množstva celkového odpadu vyprodukovaného v SR za roky 2004-2016. Predikcia vývoja množstva komunálneho odpadu do roku 2021 v SR. Nakladanie s komunálnym odpadom. | ||
| 610 | 2 | 0 | |a odpad komunálny |
| 610 | 2 | 0 | |a hospodárstvo odpadové |
| 610 | 2 | 0 | |a vývoj |
| 610 | 2 | 0 | |a recyklácia odpadu |
| 610 | 2 | 0 | |a prostredie životné |
| 610 | 2 | 0 | |a ochrana prostredia životného |
| 610 | 2 | 0 | |a prognózy |
| 610 | 2 | 0 | |a Slovensko |
| 100 | 1 | |a Stričík, Michal, 1969- | |
| 700 | 1 | |a Tkáčová, Veronika | |